Corrosion in sulfuric acid : proceedings of the CORROSION/85 Symposium on Corrosion in Sulfuric Acid /
Guardado en:
| Autores Corporativos: | , |
|---|---|
| Formato: | Libro |
| Idioma: | English |
| Publicado: |
Houston, Tex. :
National Association of Corrosion Engineers (NATO,
c1985
|
| Materias: | |
| Etiquetas: |
Agregar Etiqueta
Sin Etiquetas, Sea el primero en etiquetar este registro!
|
| LEADER | 01367nam a22002895a 4500 | ||
|---|---|---|---|
| 001 | EIQ.libpla001113 | ||
| 008 | 881212s1985####txua#####b####101#0#eng#d | ||
| 005 | 20060728112023.0 | ||
| 245 | 1 | 0 | |a Corrosion in sulfuric acid : |b proceedings of the CORROSION/85 Symposium on Corrosion in Sulfuric Acid / |c sponsored by National Association of Corrosion Engineers, Unit Committee T-5A on Corrosion in Chemical Processes. |
| 260 | |a Houston, Tex. : |b National Association of Corrosion Engineers (NATO, |c c1985 |g (1987 printing) | ||
| 300 | |a 100, 5 p. : |b il. ; |c 28 cm. | ||
| 504 | |a Incluye referencias bibliográficas e índice. | ||
| 020 | |a 0915567113 (pbk.) | ||
| 111 | 2 | |a CORROSION/85 Symposium on Corrosion in Sulfuric Acid |d (1985 : |c Boston, Mass.) | |
| 710 | 2 | |a National Association of Corrosion Engineers. |b Unit Committee T-5A on Corrosion in Chemical Processes. | |
| 082 | 0 | 0 | |a 661/.22 |2 19 |
| 650 | 4 | |a Ácido sulfúrico |x Congresos. | |
| 650 | 4 | |a Ácidos |x Congresos. | |
| 650 | 4 | |a Ácidos |x Dirección y transporte. | |
| 650 | 4 | |a Corrosión y anti-corrosivos |x Congresos. | |
| 650 | 0 | |a Sulphuric acid |x Congresses. | |
| 650 | 0 | |a Acids |x Congresses. | |
| 650 | 0 | |a Acids |x Handling and transportation. | |
| 650 | 0 | |a Corrosion and anti-corrosives |x Congresses. | |
| 010 | |a 85061573 | ||
| 040 | |a DLC |c DLC |d AR-BbSID | ||
| 859 | |a AR-BbSID |b BIB. PLAPIQUI |h 620.112 3 |i C 667 |p 3413 | ||
